[Event "EU-chT Seniors 65"]
[Site "Terme Catez"]
[Date "2024.05.13"]
[Round "7.1"]
[White "Uddenfeldt, Dan"]
[Black "Ivanovic, Bozidar"]
[Result "1-0"]
[WhiteElo "2314"]
[BlackElo "2392"]
[PlyCount "109"]
[EventDate "2024.05.07"]
[EventType "team-swiss"]
[EventRounds "9"]
[EventCountry "SLO"]
[SourceTitle "CB20_2024"]
[SourceDate "2024.05.16"]
[SourceVersion "1"]
[SourceVersionDate "2024.05.16"]
[SourceQuality "1"]
[WhiteTeam "Sweden 65"]
[BlackTeam "Montenegro 65"]
[WhiteTeamCountry "SWE"]
[BlackTeamCountry "MNE"]

1. d4 Nf6 2. Nf3 e6 3. c4 d5 4. g3 Be7 5. Bg2 0-0 6. Qc2 b6 7. 0-0 Bb7 8. Bf4 dxc4 9. Qxc4 Nd5 10. Ne5 c6 11. Nc3 b5 12. Qd3 a6 13. Ne4 f6 14. Nf3 Nd7 15. Rac1 Qb6 16. Bd6 Rad8 17. Bh3 f5 18. Bxe7 Nxe7 19. Qb3 Nd5 20. Neg5 c5 21. dxc5 Nxc5 22. Rxc5 Qxc5 23. Nxe6 Qb4 24. Qxb4 Nxb4 25. Nxd8 Rxd8 26. Bxf5 g6 27. Be6+ Kg7 28. a3 Bxf3 29. exf3 Nc6 30. Kg2 Rd2 31. b4 Rd3 32. Ra1 Nd4 33. Bc8 Nc2 34. Ra2 Nxa3 35. Bxa6 g5 36. Bb7 h6 37. Be4 Rb3 38. Rd2 Nc4 39. Rd7+ Kf6 40. Rh7 Rxb4 41. Rxh6+ Kf7 42. h4 gxh4 43. Rxh4 Ke7 44. Bd3 Kd6 45. g4 Rb3 46. Be4 Nd2 47. g5 Rc3 48. g6 Rc7 49. Bd3 Nc4 50. f4 Ke6 51. Rh7 Rc8 52. f5+ Ke5 53. Kg3 Nd6 54. Re7+ Kd4 55. Rd7 1-0

[Event "EU-chT Seniors 65"]
[Site "Terme Catez"]
[Date "2024.05.07"]
[Round "1.1"]
[White "Donnenfeld, Patrice"]
[Black "Ivanovic, Bozidar"]
[Result "0-1"]
[WhiteElo "2102"]
[BlackElo "2392"]
[PlyCount "79"]
[EventDate "2024.05.07"]
[EventType "team-swiss"]
[EventRounds "9"]
[EventCountry "SLO"]
[SourceTitle "CB20_2024"]
[SourceDate "2024.05.16"]
[SourceVersion "1"]
[SourceVersionDate "2024.05.16"]
[SourceQuality "1"]
[WhiteTeam "France Normandie 65"]
[BlackTeam "Montenegro 65"]
[WhiteTeamCountry "FRA"]
[BlackTeamCountry "MNE"]

1. c4 Nf6 2. Nc3 g6 3. g3 Bg7 4. Bg2 d6 5. e3 0-0 6. Nge2 c6 7. 0-0 Be6 8. b3 Qc8 9. Nf4 Bg4 10. f3 Bd7 11. d4 e5 12. Nfe2 Bh3 13. Qd3 Bxg2 14. Kxg2 Re8 15. Ba3 exd4 16. Nxd4 Bf8 17. e4 Nbd7 18. Rad1 Qc7 19. Nc2 Nc5 20. Qe3 a5 21. Qf2 Rad8 22. Rd2 b6 23. Rfd1 Nfd7 24. Ne3 Bg7 25. Ne2 Ne5 26. Bxc5 dxc5 27. f4 Rxd2 28. Rxd2 Nd7 29. Qf3 f6 30. g4 Nf8 31. h4 Qe7 32. Ng3 Ne6 33. Nc2 Bh6 34. g5 fxg5 35. hxg5 Bg7 36. e5 Rf8 37. Ne4 Nxf4+ 38. Kh1 Qxe5 39. Rd6 Nh5 40. Qd1 0-1

[Event "MNT-chT"]
[Site "Herceg Novi"]
[Date "2024.05.03"]
[Round "8.15"]
[White "Sukovic, Andrej"]
[Black "Ivanovic, Bozidar"]
[Result "1-0"]
[WhiteElo "2331"]
[BlackElo "2392"]
[PlyCount "135"]
[EventDate "2024.04.27"]
[EventType "team-tourn"]
[EventRounds "9"]
[EventCountry "MNE"]
[SourceTitle "CB19_2024"]
[SourceDate "2024.05.08"]
[SourceVersion "1"]
[SourceVersionDate "2024.05.08"]
[SourceQuality "1"]
[WhiteTeam "Buducnost"]
[BlackTeam "Crnogorac"]
[WhiteTeamCountry "MNE"]
[BlackTeamCountry "MNE"]

1. e4 e5 2. f4 d5 3. exd5 e4 4. d3 Nf6 5. dxe4 Nxe4 6. Nf3 Bb4+ 7. c3 Qe7 8. Qe2 Bc5 9. Be3 Nd7 10. Bxc5 Ndxc5 11. Qe3 0-0 12. Nbd2 Re8 13. 0-0-0 Bf5 14. Nxe4 Qxe4 15. Qxe4 Rxe4 16. Rd4 Rd8 17. Bc4 Rxd4 18. Nxd4 Bd3 19. b3 a6 20. Rd1 Be4 21. g3 Kf8 22. b4 Na4 23. Ne2 Bf3 24. Rd2 Nb6 25. Bb3 Re8 26. Kd1 Re4 27. Ke1 Nc4 28. Bxc4 Rxc4 29. Rd3 Be4 30. Rd2 Bf3 31. Rd3 Be4 32. Kd2 Ke7 33. Re3 Kd6 34. Nd4 Kxd5 35. Nf5 g6 36. Nh6 a5 37. Ng4 f5 38. Ne5 axb4 39. Nxc4 Kxc4 40. cxb4 Kxb4 41. g4 h5 42. gxh5 gxh5 43. Rh3 c5 44. a3+ Kc4 45. Rxh5 b5 46. Rh3 b4 47. axb4 cxb4 48. Rh8 b3 49. Rb8 Bf3 50. h4 Bg4 51. Rh8 Kd5 52. h5 Ke6 53. h6 Kf7 54. Rd8 Kg6 55. Rd6+ Kh7 56. Kc3 Bh5 57. Kxb3 Bg6 58. Kc3 Kxh6 59. Kd4 Kg7 60. Ke5 Be8 61. Kxf5 Ba4 62. Kg5 Kf7 63. f5 Kg7 64. Ra6 Bb5 65. Ra7+ Kg8 66. Kg6 Bc6 67. Rc7 Be8+ 68. Kf6 1-0

[Event "MNT-chT"]
[Site "Niksic"]
[Date "2018.08.07"]
[Round "1.2"]
[White "Rajkovic, Dusan"]
[Black "Ivanovic, Bozidar"]
[Result "1/2-1/2"]
[WhiteElo "2330"]
[BlackElo "2398"]
[PlyCount "27"]
[EventDate "2018.08.07"]
[EventType "team-tourn"]
[EventRounds "9"]
[EventCountry "MNE"]
[SourceTitle "CBM 186 Extra"]
[Source "ChessBase"]
[SourceDate "2018.08.24"]
[SourceVersion "1"]
[SourceVersionDate "2018.08.24"]
[SourceQuality "1"]
[WhiteTeam "Rudar"]
[BlackTeam "Crnogorac"]
[WhiteTeamCountry "MNE"]
[BlackTeamCountry "MNE"]

1. d4 d5 2. c4 e6 3. Nc3 Nf6 4. Bg5 Be7 5. e3 h6 6. Bh4 0-0 7. Nf3 b6 8. Rc1 Bb7 9. Bxf6 Bxf6 10. cxd5 exd5 11. b4 c5 12. bxc5 bxc5 13. dxc5 Qa5 14. Qd2 1/2-1/2

[Event "MNT-ch 70th"]
[Site "Bar"]
[Date "2018.07.20"]
[Round "1"]
[White "Ivanovic, Bozidar"]
[Black "Kalezic, Blazo"]
[Result "1/2-1/2"]
[WhiteElo "2398"]
[BlackElo "2449"]
[PlyCount "29"]
[EventDate "2018.07.20"]
[EventType "tourn"]
[EventRounds "11"]
[EventCountry "MNE"]
[EventCategory "5"]
[SourceTitle "CBM 186 Extra"]
[Source "ChessBase"]
[SourceDate "2018.08.24"]
[SourceVersion "1"]
[SourceVersionDate "2018.08.24"]
[SourceQuality "1"]

1. e4 e6 2. d4 d5 3. Nc3 Nf6 4. e5 Nfd7 5. f4 c5 6. Nf3 Nc6 7. Be3 cxd4 8. Nxd4 Bc5 9. Qd2 0-0 10. 0-0-0 a6 11. h4 Nxd4 12. Bxd4 b5 13. Qe3 Bxd4 14. Qxd4 Qb6 15. Qxb6 1/2-1/2

[Event "MNT-ch 69th"]
[Site "Bar"]
[Date "2017.03.17"]
[Round "7"]
[White "Ivanovic, Bozidar"]
[Black "Pecurica, Milos"]
[Result "1-0"]
[WhiteElo "2406"]
[BlackElo "2236"]
[PlyCount "55"]
[EventDate "2017.03.11"]
[EventType "tourn"]
[EventRounds "11"]
[EventCountry "MNE"]
[EventCategory "6"]
[SourceTitle "CBM 177 Extra"]
[Source "ChessBase"]
[SourceDate "2017.04.27"]
[SourceVersion "1"]
[SourceVersionDate "2017.04.27"]
[SourceQuality "1"]

1. e4 e5 2. Nf3 Nc6 3. Bb5 a6 4. Ba4 Nf6 5. d3 d6 6. c3 Be7 7. Nbd2 0-0 8. 0-0 Re8 9. Re1 h6 10. h3 Bf8 11. d4 b5 12. Bc2 Bb7 13. d5 Nb8 14. c4 c6 15. b3 g6 16. Nf1 Nbd7 17. Ng3 Nb6 18. Bd3 Bg7 19. Rb1 Nfd7 20. Bd2 bxc4 21. bxc4 a5 22. Be3 Ba6 23. dxc6 Nc5 24. Bxc5 dxc5 25. Qb3 Rb8 26. Qa3 Nxc4 27. Rxb8 Qxb8 28. Qc3 1-0

[Event "MNT-ch 69th"]
[Site "Bar"]
[Date "2017.03.16"]
[Round "6"]
[White "Draskovic, Luka"]
[Black "Ivanovic, Bozidar"]
[Result "1/2-1/2"]
[WhiteElo "2458"]
[BlackElo "2406"]
[PlyCount "21"]
[EventDate "2017.03.11"]
[EventType "tourn"]
[EventRounds "11"]
[EventCountry "MNE"]
[EventCategory "6"]
[SourceTitle "CBM 177 Extra"]
[Source "ChessBase"]
[SourceDate "2017.04.27"]
[SourceVersion "1"]
[SourceVersionDate "2017.04.27"]
[SourceQuality "1"]

1. c4 c5 2. Nf3 Nc6 3. Nc3 g6 4. e3 Bg7 5. d4 cxd4 6. exd4 d6 7. h3 Nf6 8. d5 Nb8 9. Be3 0-0 10. Be2 Nbd7 11. 0-0 1/2-1/2

[Event "MNT-chT1"]
[Site "Bar"]
[Date "2015.09.29"]
[Round "4"]
[White "Ivanovic, Bozidar"]
[Black "Draganic, Veljko"]
[Result "0-1"]
[WhiteElo "2410"]
[BlackElo "2375"]
[PlyCount "134"]
[EventDate "2015.09.26"]
[EventType "team-tourn"]
[EventRounds "9"]
[EventCountry "MNE"]
[SourceTitle "EXT 2017"]
[Source "ChessBase"]
[SourceDate "2016.10.25"]
[SourceVersion "1"]
[SourceVersionDate "2016.10.25"]
[SourceQuality "1"]

1. e4 c6 2. d4 d5 3. Nc3 dxe4 4. Nxe4 Bf5 5. Ng3 Bg6 6. h4 h6 7. Nf3 Nd7 8. h5 Bh7 9. Bd3 Bxd3 10. Qxd3 e6 11. Bd2 Ngf6 12. 0-0-0 Be7 13. Ne4 Nxe4 14. Qxe4 Nf6 15. Qe2 Qd5 16. c4 Qe4 17. Qxe4 Nxe4 18. Be3 b5 19. cxb5 cxb5 20. d5 0-0 21. Kb1 a5 22. dxe6 fxe6 23. Rd4 Nf6 24. Rd2 b4 25. Ne5 Rfc8 26. Ng6 Bc5 27. Rc2 Bd6 28. Bd4 Rxc2 29. Kxc2 Rc8+ 30. Kd3 Kf7 31. Ne5+ Bxe5 32. Bxe5 Rc5 33. f4 Rd5+ 34. Kc2 a4 35. a3 Rc5+ 36. Kd3 b3 37. g3 Rc2 38. Rg1 Nxh5 39. g4 Nf6 40. g5 Nh5 41. Ke3 hxg5 42. Rxg5 Nf6 43. Bd4 Nd5+ 44. Kf3 g6 45. Rg1 Rd2 46. Ke4 Nf6+ 47. Ke3 Rc2 48. Kf3 Nd7 49. Rh1 e5 50. fxe5 Ke6 51. Re1 Rh2 52. Re4 g5 53. Bf2 Rh3+ 54. Bg3 Nc5 55. Rd4 Kf5 56. Rc4 Ne6 57. Kg2 Rh7 58. Rxa4 Rc7 59. Rb4 Rc2+ 60. Kf1 Rxb2 61. a4 Rb1+ 62. Ke2 b2 63. a5 Rg1 64. Rxb2 Rxg3 65. Rb7 Ra3 66. Ra7 Kxe5 67. a6 Nc5 0-1

[Event "Cetinje Batricevic Memorial op"]
[Site "Cetinje"]
[Date "2012.10.27"]
[Round "9"]
[White "Drenchev, Petar"]
[Black "Ivanovic, Bozidar"]
[Result "1/2-1/2"]
[WhiteElo "2490"]
[BlackElo "2427"]
[PlyCount "135"]
[EventDate "2012.10.20"]
[EventType "swiss"]
[EventRounds "9"]
[EventCountry "MNE"]
[SourceTitle "EXT 2013"]
[Source "ChessBase"]
[SourceDate "2012.11.22"]
[SourceVersion "1"]
[SourceVersionDate "2012.11.22"]
[SourceQuality "1"]

1. d4 Nf6 2. c4 e6 3. Nf3 c5 4. d5 exd5 5. cxd5 d6 6. Nc3 g6 7. e4 Bg7 8. Be2 0-0 9. 0-0 Re8 10. Nd2 Na6 11. f3 Nc7 12. a4 b6 13. Nc4 Ba6 14. Kh1 Bxc4 15. Bxc4 a6 16. Qd3 Qd7 17. Bd2 Nh5 18. g4 Nf6 19. Ra3 Qe7 20. Rb3 Nd7 21. Qe2 Be5 22. Nd1 Bd4 23. Re1 Qh4 24. Ne3 Qf6 25. Bc1 Ne5 26. Rf1 Nxc4 27. Nxc4 b5 28. g5 Qd8 29. Na5 Bg7 30. Nc6 Qd7 31. Qg2 b4 32. f4 Ne6 33. dxe6 Qxc6 34. exf7+ Kxf7 35. Re3 Bd4 36. Re2 Kg8 37. f5 Ra7 38. b3 Rf7 39. f6 c4 40. bxc4 Qxc4 41. Bf4 Re6 42. Rc2 Bc3 43. Bd2 h6 44. Bxc3 bxc3 45. Qf3 Qxa4 46. Rxc3 Qxe4 47. Qxe4 Rxe4 48. Rc6 Re6 49. h4 hxg5 50. hxg5 Re5 51. Rc8+ Rf8 52. Rc7 Rxg5 53. Rg7+ Kh8 54. Rd7 a5 55. Rxd6 Kh7 56. Rf3 Ra8 57. Rd7+ Kh6 58. f7 Rf8 59. Ra7 Kg7 60. Kh2 Rh8+ 61. Rh3 Rf8 62. Rf3 Rh8+ 63. Rh3 Rxh3+ 64. Kxh3 Rb5 65. Kg4 Rb4+ 66. Kg5 Ra4 67. f8Q+ Kxf8 68. Kxg6 1/2-1/2

[Event "Cetinje Batricevic Memorial op"]
[Site "Cetinje"]
[Date "2012.10.26"]
[Round "8"]
[White "Ivanovic, Bozidar"]
[Black "Pasko, Llambi"]
[Result "1-0"]
[WhiteElo "2427"]
[BlackElo "2197"]
[PlyCount "87"]
[EventDate "2012.10.20"]
[EventType "swiss"]
[EventRounds "9"]
[EventCountry "MNE"]
[SourceTitle "EXT 2013"]
[Source "ChessBase"]
[SourceDate "2012.11.22"]
[SourceVersion "1"]
[SourceVersionDate "2012.11.22"]
[SourceQuality "1"]

1. e4 c6 2. d4 d5 3. Nc3 dxe4 4. Nxe4 Bf5 5. Ng3 Bg6 6. h4 h6 7. Nf3 Nd7 8. h5 Bh7 9. Bd3 Bxd3 10. Qxd3 Ngf6 11. Bd2 e6 12. 0-0-0 Qc7 13. Ne4 Nxe4 14. Qxe4 Nf6 15. Qe2 0-0-0 16. Rh4 Bd6 17. Ne5 Rhe8 18. Re1 Nd5 19. c4 Nf6 20. Bc3 c5 21. dxc5 Bxc5 22. b4 Bd6 23. Kb2 Bxe5 24. Bxe5 Qd7 25. Rd4 Qa4 26. a3 Rxd4 27. Bxd4 Rd8 28. Bc3 Qc6 29. g4 Ne8 30. b5 Qc5 31. Kb3 Rd7 32. f3 Nd6 33. Bb4 Qd4 34. Bc3 Qc5 35. Rd1 a5 36. Bxa5 Nxc4 37. Bb4 Qxb5 38. Rc1 Rc7 39. Rxc4 Qd5 40. Qe4 Qd1+ 41. Kb2 Rxc4 42. Qxc4+ Kb8 43. Qf4+ Ka8 44. Qd2 1-0

[Event "MNT-ch"]
[Site "Cetinje"]
[Date "2012.07.14"]
[Round "7"]
[White "Ivanovic, Bozidar"]
[Black "Kisic, Bozidar"]
[Result "1-0"]
[WhiteElo "2420"]
[BlackElo "2054"]
[PlyCount "83"]
[EventDate "2012.07.07"]
[EventType "tourn"]
[EventRounds "11"]
[EventCountry "MNE"]
[EventCategory "6"]
[SourceTitle "CBM 149 Extra"]
[Source "ChessBase"]
[SourceDate "2012.08.24"]
[SourceVersion "1"]
[SourceVersionDate "2012.08.24"]
[SourceQuality "1"]

1. e4 c5 2. Nf3 e6 3. d4 cxd4 4. Nxd4 Nc6 5. Nc3 Qc7 6. Be2 a6 7. 0-0 Nf6 8. Bg5 Be7 9. Qd2 h5 10. Nxc6 bxc6 11. Bf4 e5 12. Bg5 d6 13. Bc4 Bb7 14. Rad1 Rd8 15. Qe2 a5 16. Rfe1 Ng4 17. Bxe7 Qxe7 18. h3 Nf6 19. Qe3 Rh6 20. f4 h4 21. fxe5 Qxe5 22. Qf2 Kf8 23. Rd3 Rg6 24. Qa7 Qg5 25. Qf2 Qe5 26. Qb6 Rd7 27. Qf2 Rd8 28. Re2 Rd7 29. Rf3 Re7 30. Rf5 Qg3 31. Qxg3 Rxg3 32. Rxa5 Nd7 33. Rd2 Ne5 34. Be2 f5 35. Rxd6 f4 36. Kf2 Kf7 37. Rd8 g5 38. Rb8 c5 39. Rxc5 g4 40. Rxe5 f3 41. Rxe7+ Kxe7 42. Rxb7+ 1-0

[Event "MNT-ch"]
[Site "Cetinje"]
[Date "2012.07.10"]
[Round "4"]
[White "Pajkovic, Vladimir"]
[Black "Ivanovic, Bozidar"]
[Result "1/2-1/2"]
[WhiteElo "2421"]
[BlackElo "2420"]
[PlyCount "101"]
[EventDate "2012.07.07"]
[EventType "tourn"]
[EventRounds "11"]
[EventCountry "MNE"]
[EventCategory "6"]
[SourceTitle "CBM 149 Extra"]
[Source "ChessBase"]
[SourceDate "2012.08.24"]
[SourceVersion "1"]
[SourceVersionDate "2012.08.24"]
[SourceQuality "1"]

1. Nf3 d5 2. c4 c6 3. d4 Nf6 4. Qc2 e6 5. g3 Be7 6. Bg2 0-0 7. 0-0 Nbd7 8. Rd1 Ne4 9. Nc3 f5 10. Rb1 a6 11. Ne1 b5 12. cxd5 cxd5 13. Nxe4 fxe4 14. f3 Bb7 15. fxe4 Rc8 16. Qb3 dxe4 17. Qxe6+ Kh8 18. Bf4 Nf6 19. Rbc1 Rxc1 20. Bxc1 Bb4 21. Nc2 Ba5 22. Bf4 Nd5 23. Be5 Nf6 24. Ne3 Re8 25. Qd6 Qxd6 26. Bxd6 Rc8 27. Bh3 Rd8 28. Be7 Re8 29. Bc5 Nd5 30. Nf5 Bc7 31. Nd6 Bxd6 32. Bxd6 Bc8 33. Bg2 Ne3 34. Rc1 Nxg2 35. Kxg2 Be6 36. Rc7 Rc8 37. Re7 Bxa2 38. Be5 Kg8 39. Kf2 Rc2 40. Ke3 Bc4 41. Rxg7+ Kf8 42. Rxh7 Rxe2+ 43. Kf4 e3 44. h4 Re1 45. Bd6+ Kg8 46. Re7 e2 47. Bb4 Rb1 48. Bc3 b4 49. Bxb4 Rxb2 50. Be1 Rb1 51. Ba5 1/2-1/2